000 01931nam0a2200433 4500
001 RU\NLR\BIBL_A\022062859
005 20231212181029.0
010 _a978-5-91965-332-5
_9200
021 _aRU
_bКН-П-23-060289
_9КН-П-23-6103
035 _a(NLR Aleph) 022062859
035 _a(RuMoRGB)012144975
090 _a12633043
_c12633043
100 _a20231030d2023 u y0rusy50 ca
101 0 _arus
102 _aRU
105 _aa z 000cc
181 0 _ai
_baxxe
182 0 _an
200 1 _aОборванная песня
_eочерки о писателях-переделкинцах, погибших в 30-е годы XX века
_fАлександр Лукичев
_gиллюстрации Владимира Сергеева
203 _aТекст
_bвизуальный
_cнепосредственный
210 _aВологда
_cПолиграф-Периодика
_d2023
215 _a55 с.
_cил., портр., цв. ил.
_d20
601 0 2 _a"Переделкино", дом творчества писателей
_cМосковская область
_92371229
_3RU\NLR\AUTH\6601637000
606 1 _aРусская советская литература
_z1930-ые гг.
_92482845
_3RU\NLR\AUTH\661473751
606 1 _aРусская советская литература и общество
_91533659
_3RU\NLR\AUTH\66969391
610 0 _aПеределкино - писательский городок
675 _a821.161.1.09
_v4
686 2 _aШ5(2=Р)7-3,32
686 2 _aШ5(2=Р)7-38
686 2 _aШ5(2=Р)7-303
700 1 _aЛукичев
_bА. Н.
_f1960-
_gАлександр Николаевич
702 1 _aСергеев
_bВ. А.
_gВладимир Александрович
_4040
942 _cBOOK
980 _aNB